000 00668nam a2200217 i 4500
001 135122
003 ES-MaACL
005 20250822062552.0
007 t|
008 070710s1922 fr ||||1| fre d
100 1 _aTitchener, Edward Bradford.
_9110346
245 1 0 _aManuel de psychologie /
_cpar E.B. Titchener ; traduit par H. Lesage.
260 _aParis :
_bFelix Alcan,
_c1922.
300 _aXVI, 571 p. ;
_c22 cm.
490 1 _aBque. de Philosophie Contemporaine
650 0 7 _aPsicologĂ­a
_2embne
_916540
700 1 _aLesage, H.
_971823
830 0 _aBque. de Philosophie Contemporaine
_9187001
852 _aES-MaACL
_jB-7200
999 _c135122
_d135122